header

Strategy in the second nuclear age (Record no. 52862)

MARC details
000 -LEADER
fixed length control field 02510nam a2200361 a 4500
082 04 - DEWEY DECIMAL CLASSIFICATION NUMBER
Classification number 355.02/17
245 00 - TITLE STATEMENT
Title Strategy in the second nuclear age
260 ## - PUBLICATION, DISTRIBUTION, ETC. (IMPRINT)
Place of publication Washington, D.C. :
Name of publisher Georgetown University Press,
Year of publication c2012.
300 ## - PHYSICAL DESCRIPTION
Number of Pages vi, 250 p.
505 0# - FORMATTED CONTENTS NOTE
Formatted contents note Introduction / Toshi Yoshihara and James R. Holmes -- After proliferation: deterrence theory and emerging nuclear powers / Joshua Rovner -- South Africa's nuclear strategy: deterring "total onslaught" and "nuclear blackmail" in three stages / Helen E. Purkitt and Stephen F. Burgess -- The future of Chinese nuclear strategy / Christopher T. Yeaw, Andrew S. Erickson, and Michael S. Chase -- North Korea's nuclear weapons program: motivations, strategy, and doctrine / Terence Roehrig -- Changing perceptions of extended deterrence in Japan / James L. Schoff -- Thinking about the unthinkable: Tokyo's nuclear option / James R. Holmes and Toshi Yoshihara -- India's nuclear strategy / Anupam Srivastava and Seema Gahlaut -- The future of India's undersea nuclear deterrent / Andrew C. Winner -- Pakistan's nuclear posture: thinking about the unthinkable? / Timothy D. Hoyt -- Regime type, nuclear reversals, and nuclear strategy: the ambiguous case of Iran / Scott A. Jones and James R. Holmes -- Conclusion: thinking about strategy in the second nuclear age / Toshi Yoshihara and James R. Holmes.
650 #0 - SUBJECT ADDED ENTRY--TOPICAL TERM
Topical Term Nuclear warfare.
Topical Term Nuclear weapons
Topical Term Strategic forces.
Topical Term Security, International.
700 1# - ADDED ENTRY--PERSONAL NAME
Personal name Yoshihara, Toshi.
Personal name Holmes, James R.,
856 40 - ELECTRONIC LOCATION AND ACCESS
Uniform Resource Identifier http://site.ebrary.com/lib/rucke/Doc?id=10630706

No items available.

© 2026 Rongo University
Contact us: librarian | system librarian | Rongo university